[Event "FRA-chT3"]
[Site "France"]
[Date "2001.??.??"]
[Round "6"]
[White "Martinelli, Patrice"]
[Black "Saumont, Yves"]
[Result "1-0"]
[WhiteElo "2035"]
[BlackElo "1750"]
[PlyCount "47"]
[EventDate "2001.??.??"]
[EventType "team"]
[EventRounds "9"]
[EventCountry "FRA"]
[SourceTitle "EXT 2003"]
[Source "ChessBase"]
[SourceDate "2002.11.25"]
[SourceVersion "1"]
[SourceVersionDate "2002.11.25"]
[SourceQuality "1"]

1. d4 f5 2. g3 Nf6 3. c4 e6 4. Bg2 Be7 5. Nf3 0-0 6. 0-0 d6 7. Qb3 c6 8. Nc3 d5 9. Bf4 b6 10. cxd5 exd5 11. Ne5 Bb7 12. e4 fxe4 13. Nxe4 Nxe4 14. Bxe4 Nd7 15. Bd3 c5 16. Qc2 Nf6 17. Bf5 Bc8 18. Nc6 Bxf5 19. Qxf5 Qc8 20. Qe6+ Rf7 21. Rfe1 Kf8 22. Nxe7 Ne4 23. Qxd5 Rxe7 24. Rxe4 1-0